|
|
|
|
| LEADER |
01093nam a2200277 4500 |
| 001 |
41450 |
| 003 |
BD-DhAAL |
| 005 |
20230829123123.0 |
| 008 |
230828t2000 nyua|||| |||| 001 0 eng d |
| 020 |
|
|
|a 0026432161
|
| 020 |
|
|
|a 9780026432160
|
| 040 |
|
|
|a BD-DhAAL
|d BD-DhAAL
|
| 082 |
|
|
|a 613.2
|2 21
|
| 100 |
|
|
|a Duyff, Roberta Larson.
|9 11248
|
| 245 |
|
|
|a Nutrition & wellness /
|c Roberta Larson Duyff, Doris Hasler; Glencoe/McGraw-Hill.
|
| 300 |
|
|
|a 576 pages :
|b color illustrations ;
|c 27 cm.
|
| 541 |
|
|
|a A donation from Ayesha Abed Foundation
|e 41450
|
| 650 |
|
|
|a Nutrition
|x Popular works.
|9 55446
|
| 650 |
|
|
|a Health.
|9 55447
|
| 650 |
|
|
|a Diet
|x Popular works.
|9 55448
|
| 700 |
|
|
|a Hasler, Doris.
|9 55449
|
| 710 |
|
|
|a Glencoe/McGraw-Hill.
|
| 942 |
|
|
|2 ddc
|c BK
|
| 999 |
|
|
|c 46139
|d 46139
|
| 952 |
|
|
|0 0
|1 0
|2 ddc
|4 0
|6 613_200000000000000_DUY
|7 0
|9 74303
|a SCL
|b SCL
|c GEN
|d 2023-08-28
|l 0
|o 613.2 DUY
|p 3020041450
|r 2023-08-28
|t 1
|w 2023-08-28
|y BK
|
| 952 |
|
|
|0 0
|1 0
|2 ddc
|4 0
|6 613_200000000000000_DUY
|7 0
|9 74304
|a SCL
|b SCL
|c GEN
|d 2023-08-28
|l 2
|m 4
|o 613.2 DUY
|p 3020041449
|r 2026-04-18
|s 2026-04-06
|t 2
|w 2023-08-28
|y BK
|